[Event "Oceania-ch U20"]
[Site "Auckland"]
[Date "2019.01.09"]
[Round "4"]
[White "Sivabalan, Brijesh"]
[Black "Barry, Jacob"]
[Result "1/2-1/2"]
[WhiteElo "1118"]
[BlackElo "1221"]
[PlyCount "136"]
[EventDate "2019.01.08"]
[EventType "swiss"]
[EventRounds "9"]
[EventCountry "NZL"]
[SourceTitle "EXT 2020"]
[Source "ChessBase"]
[SourceDate "2019.10.17"]
[SourceVersion "1"]
[SourceVersionDate "2019.10.17"]
[SourceQuality "1"]

1. e4 e5 2. Nf3 Nc6 3. d4 exd4 4. Nxd4 Nf6 5. Nxc6 bxc6 6. e5 Qe7 7. Qe2 Nd5 8. c4 Ba6 9. b3 Qh4 10. Bb2 Bb4+ 11. Nd2 Nc3 12. Qe3 Ne4 13. Bc1 0-0-0 14. g3 Nxd2 15. Bxd2 Bxd2+ 16. Kxd2 Qe7 17. Qxa7 Bb7 18. Qe3 d5 19. Kc2 c5 20. cxd5 Rxd5 21. Bg2 Rxe5 22. Bxb7+ Kxb7 23. Qf3+ c6 24. Rad1 Re2+ 25. Rd2 Rxd2+ 26. Kxd2 Rd8+ 27. Kc2 Kb6 28. Rd1 Ra8 29. a4 c4 30. Qe3+ Qxe3 31. fxe3 cxb3+ 32. Kxb3 Ra7 33. Rd8 Re7 34. Rd3 c5 35. Kb2 Ka5 36. Ra3 Re4 37. Rc3 Kxa4 38. Rxc5 Rxe3 39. Rc2 Kb4 40. Kc1 g5 41. Kd2 Rf3 42. Ke2 g4 43. h3 Rxg3 44. hxg4 Rxg4 45. Kf3 f5 46. Rh2 Rg7 47. Rh5 Kc5 48. Rxf5+ Kd6 49. Kf4 Ke6 50. Rg5 Rg6 51. Re5+ Kf6 52. Rf5+ Kg7 53. Rg5 h6 54. Rc5 Rf6+ 55. Kg4 Kg6 56. Kg3 h5 57. Kh3 Rf4 58. Ra5 Re4 59. Rb5 Rf4 60. Ra5 Rf5 61. Rxf5 Kxf5 62. Kh4 Kg6 63. Kh3 Kg5 64. Kg3 h4+ 65. Kh3 Kh5 66. Kh2 Kg4 67. Kg2 h3+ 68. Kh1 Kh4 1/2-1/2